00453nam a22001692 4500001001100000005001700011008004100028020001700069040001500086100003100101245005600132250001300188260002600201300001700227650003600244852000300280000002051120151217152216.0110920s xx 000 0 eng d a0853695695 : aKABUcKABU1 aMason, Pamela.@000018065410aLocum pharmacy :ba survival guide /cPamela Mason. a2nd ed. aLondon :bPhP,c2004. axvi, 135 p. 0aPharmacyxPractice.@00001808431